000 01177nam0a22002531 4500
001 rc\2804224
005 20250806210503.0
035 _a(NLR Aleph) 006930197
090 _a35129
_c35129
100 _a20110915d1944 u y0rusy50 ca
101 0 _arus
102 _aRU
105 _aa z |||||
200 1 _aРуководство по расчету притоков воды в горизонтальные дренажи военно-инженерных сооружений
_fПроф. Н. К. Гиринский
_gКом-т по делам геологии при СНК СССР. Всес. н.-и. ин-т гидрогеологии и инж. геологии "ВСЕГИНГЕО"
210 _aМосква
_aЛенинград
_cГосгеолиздат
_d1944
_eМосква
_gтип. "Кр. пролетарий"
215 _a48 с.
_cчерт.
_d22 см.
700 1 _aГиринский
_bН.К.
_f1898-
_gНиколай Константинович
801 0 _aRU
_bNLR
_gpsbo
801 1 _aRU
_bELAR
_2rusmarc
852 _aNLR
_jВ60 Г-6/98
942 _cBOOK
945 _aРоссийская национальная библиотека
980 _aNB
980 _aBV